| 000 | 01397naa a22003017a 4500 | ||
|---|---|---|---|
| 001 | BR2018000818 | ||
| 003 | BR-BrBNA | ||
| 005 | 20240918181941.0 | ||
| 007 | ta | ||
| 008 | 230509b bl.||||| |||| 00| 0 por d | ||
| 040 |
_aBR-BrBNA _bpor _cBiblioteca Nacional de Agricultura |
||
| 041 | _a(Pt) | ||
| 072 |
_aL10; E16 _b5213 _b9700 |
||
| 090 | _aL10 BR2018000818 | ||
| 100 | 1 | _aZadra, A. | |
| 245 | 1 | _aCuzamento industrial : lucro no campo e carne macia na mesa | |
| 111 | 1 |
_a3. Encontro da Gestão Competitiva para a Pecuária _cJaboticabal, SP (Brazil) _d4-6 Aug 2005 |
|
| 260 | 3 |
_aJundiaí, SP (Brasil): _c2005. |
|
| 500 | _aCoan, R.M. (ed.); Turco, C. de P.; Rosa, F.R. (ed.); Torres Junior, A. de M.(ed.); Freitas, D. de (ed.) 3. gestão competitiva para a pecuária Jundiaí, SP (Brasil): 2005. p. 19-32 (BR2018000818-AM)L10 | ||
| 650 | _aGADO DE CORTE | ||
| 650 | _aCARNE | ||
| 650 | _aCRUZAMENTO ANIMAL | ||
| 650 | _aMERCADO | ||
| 650 | _aLUCRO | ||
| 773 | 0 |
_t3. gestão competitiva para a pecuária _aCoan, R.M. (ed.); Turco, C. de P.; Rosa, F.R. (ed.); Torres Junior, A. de M.(ed.); Freitas, D. de (ed.). Fundação de Apoio ao Ensino e Pesquisa, Jaboticabal, SP (Brasil)Scot Consultoria, Bebedouro, SP (Brasil)PlanGesPec, Jaboticabal, SP (Brasil) _wL10 BR2018000818 _gJundiaí, SP (Brasil), 2005. p. 19-32 |
|
| 909 |
_a202404 _bLucia _c55 _dLucia Elande |
||
| 942 |
_cAM _2AGRIS |
||
| 999 |
_c327665 _d327665 |
||